The object primer : agile model-driven development with UML 2.0
Αποθηκεύτηκε σε:
| Κύριος συγγραφέας: | |
|---|---|
| Μορφή: | Βιβλίο |
| Γλώσσα: | English |
| Δημοσίευση: |
Cambridge :
Cambridge University Press,
c2004
|
| Έκδοση: | 3rd ed. |
| Θέματα: | |
| Ετικέτες: |
Προσθήκη ετικέτας
Δεν υπάρχουν, Καταχωρήστε ετικέτα πρώτοι!
|
MARC
| LEADER | 00000nam a2200000 i 4500 | ||
|---|---|---|---|
| 001 | 1/79370 | ||
| 008 | 080331s2004 eng d | ||
| 020 | |a 978-0521-54018-6 (pbk) | ||
| 020 | |a 0-521-54018-6 (pbk) | ||
| 035 | |l 10095947 | ||
| 040 | |a GR-MY-UA |b gre |e aacr | ||
| 041 | 0 | |a eng | |
| 082 | 0 | |a 005.117 |2 (22) | |
| 100 | 1 | |a Ambler, Scott W. |d 1966- | |
| 245 | 1 | 4 | |a The object primer : |b agile model-driven development with UML 2.0 / |c Scott W. Ambler |
| 250 | |a 3rd ed. | ||
| 260 | |a Cambridge : |b Cambridge University Press, |c c2004 | ||
| 300 | |a xxvi, 545 σ.; |b εικ.; |c 24 εκ. | ||
| 504 | |a Βιβλιογραφία: σ. 525-532. Ευρετήριο | ||
| 650 | 0 | 0 | |a Object-oriented methods (Computer science) |
| 650 | 0 | 0 | |a UML (Computer science) |
| 852 | |a INST |b SYROS |e 20080331 |h 005.117 AMB |p 005500006245 |q 005500006245 |t BK |y 0 | ||
| 901 | |a BIBL5-2008-1 | ||
| 909 | |a Ε |b 142552 | ||
| 922 | |a 5ΕΛΗ |b 200712 |c ΕΠΕΑΕΚ2/ΤΜΣΠΣ |d ΕΛΕΥΘΕΡΟΥΔΑΚΗΣ | ||
| 970 | |a ΚΑΓΙΑΒΑ |b ΕΙΡΗΝΗ |z 2008/03/31 | ||